Constituciones de la Academia de Letras Humanas fundada en los Reales y Pontificios Colegios de S. Pedro y S. Juan/ (Record no. 35189)

MARC details
000 -LEADER
campo de control de longitud fija 01992aam a2200481 i 4500
001 - NÚMERO DE CONTROL
campo de control MOR01000035212
003 - IDENTIFICADOR DE NÚMERO DE CONTROL
campo de control mxcmmo
005 - FECHA Y HORA DE LA ÚLTIMA TRANSACCIÓN
campo de control 20260331112300.0
007 - CAMPO FIJO DE DESCRIPCIÓN FÍSICA--INFORMACIÓN GENERAL
campo de control de longitud fija ta
008 - DATOS DE LONGITUD FIJA--INFORMACIÓN GENERAL
campo de control de longitud fija 900920s1668 pum g 000 0 spa d
035 ## - NÚMERO DE CONTROL DEL SISTEMA
Número de control de sistema 904625
040 ## - FUENTE DE CATALOGACIÓN
Centro catalogador/agencia de origen mxcmmo
Lengua de catalogación spa
Normas de descripción rda
Centro/agencia transcriptor mxcmmo
041 0# - CÓDIGO DE IDIOMA
Código de lengua del texto/banda sonora o título independiente spa
043 ## - CÓDIGO DE ÁREA GEOGRÁFICA
Código de área geográfica n-mx-pu
045 ## - PERIODO DE TIEMPO DEL CONTENIDO
Código de periodo de tiempo v6v6
082 04 - NÚMERO DE LA CLASIFICACIÓN DECIMAL DEWEY
Número de clasificación 282.7248
Número de ítem ACA.c
110 2# - ENTRADA PRINCIPAL--NOMBRE DE ENTIDAD CORPORATIVA
Nombre de entidad corporativa o nombre de jurisdicción como elemento de entrada Academia de Letras Humanas (Puebla, Puebla)
Término indicativo de función/relación autor
9 (RLIN) 65430
245 10 - MENCIÓN DEL TÍTULO
Título Constituciones de la Academia de Letras Humanas fundada en los Reales y Pontificios Colegios de S. Pedro y S. Juan/
Mención de responsabilidad, etc. por Francisco Fabián y Fuero
264 #1 - PRODUCCIÓN, PUBLICACIÓN, DISTRIBUCIÓN, FABRICACIÓN Y COPYRIGHT
Producción, publicación, distribución, fabricación y copyright Puebla :
Nombre del de productor, editor, distribuidor, fabricante [publisher not identified,
Fecha de producción, publicación, distribución, fabricación o copyright 1668]
300 ## - DESCRIPCIÓN FÍSICA
Extensión 16 páginas;
Dimensiones 21 cm
336 ## - TIPO DE CONTENIDO
Término de tipo de contenido texto
Código de tipo de contenido txt
Fuente rdacontent
337 ## - TIPO DE MEDIO
Nombre/término del tipo de medio sin medio
Código del tipo de medio n
Fuente rdamedia
338 ## - TIPO DE SOPORTE
Nombre/término del tipo de soporte volumen
Código del tipo de soporte nc
Fuente rdacarrier
500 ## - NOTA GENERAL
Nota general Disponible en BIBLIOTECA DIGITAL
561 0# - PROPIEDAD E HISTORIA DE CUSTODIA/NOTA DE PROCEDENCIA
Historial Fondo Conde
563 ## - INFORMACIÓN DE ENCUADERNACIÓN
Nota de encuadernación Encuadernación entera en cuero color chocolate. La tapa anterior presenta el título con decoración en gofrado dorado. Cuenta con guardas impresas (marmoleado industrial) y restos de guarda volante (anterior y posterior) en papel marmoleado. (Reencuadernado)
650 #7 - PUNTO DE ACCESO ADICIONAL DE MATERIA--TÉRMINO DE MATERIA
Término de materia o nombre geográfico como elemento de entrada Iglesia Católica en Puebla
Subdivisión general Disciplina
9 (RLIN) 65064
700 1# - ENTRADA AGREGADA--NOMBRE PERSONAL
Nombre de persona Fabián y Fuero, Francisco
Títulos y otros términos asociados al nombre Ob. de Puebla
Fechas asociadas al nombre 1719-1801
9 (RLIN) 65147
710 2# - ENTRADA AGREGADA--NOMBRE DE ENTIDAD CORPORATIVA
Nombre de entidad corporativa o nombre de jurisdicción como elemento de entrada Colegio de San Juan (Puebla, Puebla)
9 (RLIN) 65431
710 2# - ENTRADA AGREGADA--NOMBRE DE ENTIDAD CORPORATIVA
Nombre de entidad corporativa o nombre de jurisdicción como elemento de entrada Colegio de San Pedro (Puebla, Puebla)
9 (RLIN) 65432
856 ## - LOCALIZACIÓN Y ACCESO ELECTRÓNICOS
Identificador Uniforme de Recurso <a href="https://mora.koha.es/cgi-bin/koha/opac-retrieve-file.pl?id=a2db4248e046f95757be9bd8963b3af0">https://mora.koha.es/cgi-bin/koha/opac-retrieve-file.pl?id=a2db4248e046f95757be9bd8963b3af0</a>
Nota pública Acceso PDF
900 ## - ELEMENTOS DE DATOS A LOCAL, LDA (RLIN)
Nombre de persona ALEPH14
Numeración Sandra Magdalena Ramírez Vilchis
Títulos y otros términos asociados al nombre 20061103
Lenguaje de la obra MOR01
900 ## - ELEMENTOS DE DATOS A LOCAL, LDA (RLIN)
Nombre de persona BATCH-UPD
Numeración 00
Títulos y otros términos asociados al nombre 20120323
Lenguaje de la obra MOR01
900 ## - ELEMENTOS DE DATOS A LOCAL, LDA (RLIN)
Nombre de persona BATCH-UPD
Numeración 40
Títulos y otros términos asociados al nombre 20120321
Lenguaje de la obra MOR01
900 ## - ELEMENTOS DE DATOS A LOCAL, LDA (RLIN)
Nombre de persona BATCH
Numeración 00
Títulos y otros términos asociados al nombre 20120322
Lenguaje de la obra MOR01
900 ## - ELEMENTOS DE DATOS A LOCAL, LDA (RLIN)
Nombre de persona DYNIX
Numeración 00
Títulos y otros términos asociados al nombre 20030304
Lenguaje de la obra MOR01
900 ## - ELEMENTOS DE DATOS A LOCAL, LDA (RLIN)
Nombre de persona MARC21
Numeración 40
Títulos y otros términos asociados al nombre 20100616
Lenguaje de la obra MOR01
900 ## - ELEMENTOS DE DATOS A LOCAL, LDA (RLIN)
Nombre de persona VOBO
Numeración 40
Títulos y otros términos asociados al nombre 20210714
Lenguaje de la obra MOR01
900 ## - ELEMENTOS DE DATOS A LOCAL, LDA (RLIN)
Nombre de persona VOBO
Numeración 40
Títulos y otros términos asociados al nombre 20210722
Lenguaje de la obra MOR01
904 ## - ELEMENTOS DE DATOS D LOCAL, LDD (RLIN)
a UPDATE
942 ## - ELEMENTOS DE ENTRADA SECUNDARIOS (KOHA)
Código de la institución [OBSOLETO] BK
901 ## - ELEMENTOS DE DATOS A LOCAL LDA (RLIN)
a batch batch
Holdings
Estatus retirado Estado de pérdida Fuente del sistema de clasificación o colocación Estado de daño Restricciones de uso No para préstamo Colección Biblioteca de origen Biblioteca actual Ubicación en estantería Fecha de adquisición Número de inventario Total de préstamos Signatura topográfica completa Código de barras Visto por última vez Precio de reemplazo Tipo de ítem Koha Nota pública
    Clasificación Decimal Dewey         Biblioteca Digital Biblioteca Digital   20/02/2025     CDIG D04052 09/07/2025 20/02/2025 Digitalizado BIBLIOTECA DIGITAL
    Clasificación Decimal Dewey   En sala   Fondo Antiguo Biblioteca Instituto Mora Biblioteca Instituto Mora En sala 21/06/1994 006692   (R)/282.7248 ACA.c 33291000616769 03/09/2024 03/09/2024 Libro